00544 2200229 4500001002100000005001500021008004100036020002200077035001900099041000700118082000800125090001400133100002100147700001800168700002800186245001200214250000600226260002200232300003700254500001100291650001200302INLIS00000000001922720241224115646241224||||||||| | ||| |||| || |  a978-979-075-688-5 0010-1224019227 aid0 a574 a574 CAM b0 aNeil A. Campbell0 aJane B. Reece0 aDamaring Tyas Wulandari00aBiologi a8 aJakartaberlangga a28x21 cm, xlii, 572 hlm.; ilus.; aJil. 1 0aBiologi